| 000 | 00898nam a22002057a 4500 | ||
|---|---|---|---|
| 003 | BD-DhUL | ||
| 005 | 20220821110806.0 | ||
| 008 | 160821s1968 bg abf|| |||| 00| 0 ben | ||
| 040 |
_cBD-DhUL _dBD-DhUL |
||
| 082 |
_a954.925 _bJAS |
||
| 100 | 1 | _aজলীল, এ. এফ. এম আবদুল | |
| 245 | 0 | 0 |
_aসুন্দরবনের ইতিহাস : খ. ১ / _cএ. এফ. এম আবদুল জলীল । |
| 250 | _aপরিবর্তিত ও পরিবর্ধিত সং | ||
| 260 |
_aঢাকা : _bলিস্কম্যান, _c১৯৬৮ । |
||
| 300 |
_aখ., [৬] পাতা প্লেটস : _b সম্মুখ চিত্র, মানচিত্র ; _c২১ সেমি. |
||
| 365 |
_aBDT _b10.00 |
||
| 651 | 4 |
_aসু্ন্দরবন _xইতিহাস । |
|
| 651 | 4 |
_aSundarbans _x History. |
|
| 942 |
_2ddc _cBK |
||
| 999 |
_c104745 _d104745 |
||